000 00299nam a22001337a 4500
008 170911b xxu||||| |||| 00| 0 eng d
020 _a9780070650138
041 _aeng
080 _22ND
_a53
100 _a43
101 _aFIZ
245 _aBASIC TECHNICAL PHYSICS
_cTIPPENS,P,.E
942 _2udc
_cBK
999 _c27189
_d27189